00637nam a2200229 a 4500001001300000003000900013005001700022008004100039020001000080082001700090100002300107245002900130260003900159300000900198500003500207650001500242700002300257902000800280942000700288952009700295999001500392nice12345678IN_TiNIC20260116012122.0070702s1992 seca grp 000 0 eng  ac10000a297.86bALL3 aAllahdin, Abdullah aPromised World Messenger aSecunderabad bNo Publisher c1992 a487p aincludes index and biblioraphy aAhmadiyyah1 aAllahdin, Abdullah bRBA cBK 00104070aHMIbHMId2007-07-02g100.00l0o297.86 ALL3p08703r2007-07-02w2026-01-16yEB c5721d5721